[Event "St Petersburg Korchnoi Memorial op"]
[Site "St Petersburg"]
[Date "2024.08.20"]
[Round "6"]
[White "Artamonov, Valery"]
[Black "Otdelnov, Kirill"]
[Result "0-1"]
[WhiteElo "2042"]
[BlackElo "2360"]
[PlyCount "80"]
[EventDate "2024.08.17"]
[EventType "swiss"]
[EventRounds "9"]
[EventCountry "RUS"]
[SourceTitle "EXT 2025"]
[Source "ChessBase"]
[SourceDate "2024.10.14"]
[SourceVersion "1"]
[SourceVersionDate "2024.10.14"]
[SourceQuality "1"]

1. c4 e6 2. Nf3 d5 3. g3 dxc4 4. Bg2 Nd7 5. Qa4 a6 6. Qxc4 b5 7. Qc2 Bb7 8. 0-0 Ngf6 9. d3 c5 10. a4 Be7 11. Nc3 Bc6 12. b4 cxb4 13. axb5 axb5 14. Rxa8 Qxa8 15. Nb1 0-0 16. Bd2 Bd5 17. e4 Rc8 18. Qd1 Ba2 19. Qe2 Qa4 20. Bf4 Rc2 21. Qd1 b3 22. Ne1 Rc8 23. e5 Ne8 24. d4 Nb6 25. Be4 b2 26. Bc2 Qc4 27. Be3 Nd5 28. Nd2 Qc3 29. Qf3 g6 30. Ne4 Qc6 31. Qd1 b4 32. Bb1 Bxb1 33. Qxb1 Nxe3 34. fxe3 Qc1 35. Nd3 Qxe3+ 36. Nef2 Qxd4 37. Re1 Rc3 38. Kg2 Qd5+ 39. Kh3 Qf3 40. Rd1 Rc4 0-1

[Event "St Petersburg Korchnoi Memorial op"]
[Site "St Petersburg"]
[Date "2024.08.17"]
[Round "2"]
[White "Artamonov, Valery"]
[Black "Ismailov, Magomed Dm"]
[Result "1-0"]
[WhiteElo "2042"]
[BlackElo "1849"]
[PlyCount "106"]
[EventDate "2024.08.17"]
[EventType "swiss"]
[EventRounds "9"]
[EventCountry "RUS"]
[SourceTitle "CBM 221 Extra"]
[Source "ChessBase"]
[SourceDate "2024.09.30"]
[SourceVersion "1"]
[SourceVersionDate "2024.09.30"]
[SourceQuality "1"]

1. c4 Nf6 2. g3 e6 3. Bg2 c5 4. Nf3 Be7 5. 0-0 0-0 6. d4 cxd4 7. Nxd4 a6 8. Nc3 Qc7 9. e4 d6 10. Be3 Nbd7 11. f4 Rd8 12. Rc1 Rb8 13. Qe2 Nf8 14. b4 Ng6 15. Rfd1 h5 16. e5 Ng4 17. exd6 Bxd6 18. Ndb5 axb5 19. Nxb5 Qe7 20. Rxd6 Bd7 21. Bc5 Bxb5 22. Rxd8+ Qxd8 23. cxb5 b6 24. Rd1 Qf6 25. Bd4 Qe7 26. a3 Qc7 27. h3 Nh6 28. Qxh5 Nf5 29. Bf2 Qc4 30. Qf3 Qxb5 31. h4 Nge7 32. Qd3 Qa4 33. Rc1 Qe8 34. Be4 Rd8 35. Qe2 e5 36. Rd1 Nd6 37. Bxb6 Rd7 38. Qd3 Nd5 39. Bxd5 Nc4 40. Bxc4 Rxd3 41. Bxd3 Qc6 42. Bf2 Qf3 43. Rd2 g6 44. Bb5 Qxa3 45. Rd8+ Kh7 46. Rd5 Qa1+ 47. Bf1 Qb2 48. b5 Qb3 49. Rd7 Kg7 50. b6 Kf8 51. b7 Kg7 52. Bg2 Qb1+ 53. Kh2 Qb2 1-0

[Event "Chigorin Memorial 30th"]
[Site "St Petersburg"]
[Date "2023.10.28"]
[Round "8"]
[White "Artamonov, Valery"]
[Black "Mulishov, Roman"]
[Result "1-0"]
[WhiteElo "2075"]
[BlackElo "1724"]
[PlyCount "139"]
[EventDate "2023.10.21"]
[EventType "swiss"]
[EventRounds "9"]
[EventCountry "RUS"]
[SourceTitle "CBM 216 Extra"]
[Source "ChessBase"]
[SourceDate "2023.11.30"]
[SourceVersion "1"]
[SourceVersionDate "2023.11.30"]
[SourceQuality "1"]

1. c4 e5 2. Nc3 Nf6 3. g3 d5 4. cxd5 Nxd5 5. Bg2 Nb6 6. Nf3 Nc6 7. 0-0 Be7 8. Rb1 Bf5 9. d3 0-0 10. a3 a5 11. b3 Re8 12. Bb2 Bf8 13. Rc1 Qd7 14. Nb5 Rac8 15. Re1 f6 16. Nh4 Ne7 17. Nxf5 Nxf5 18. Bh3 Qxb5 19. Bxf5 Rcd8 20. Rxc7 e4 21. Bh3 exd3 22. exd3 Rxd3 23. Qc1 Rdd8 24. Rxe8 Qxe8 25. Bf1 Rc8 26. Bc4+ Kh8 27. Bf7 Rxc7 28. Bxe8 Rxc1+ 29. Bxc1 Kg8 30. Kf1 Bc5 31. Bh5 Kf8 32. Bf3 a4 33. b4 Bd4 34. Bxb7 Ke7 35. Ke2 Kd7 36. Be4 h6 37. f4 Bg1 38. h4 Nc4 39. Bc2 Nb6 40. g4 Kc6 41. Be4+ Kb5 42. Bd3+ Kc6 43. Bb2 Kd5 44. Bb5 Ke4 45. Bc1 Bd4 46. Bc6+ Nd5 47. h5 Bc3 48. b5 Kd4 49. b6 Ba5 50. b7 Bc7 51. Kf3 Kc5 52. Bxa4 Kb6 53. Bb3 Ne7 54. Ke4 Kxb7 55. Bd2 Kc6 56. Bc3 Kd7 57. g5 hxg5 58. fxg5 fxg5 59. Bxg7 g4 60. h6 g3 61. Kf3 Ng6 62. h7 Nh4+ 63. Ke4 Ng6 64. Kf3 Nh4+ 65. Ke2 g2 66. h8Q g1Q 67. Ba4+ Ke6 68. Qg8+ Kf5 69. Bc2+ Kg5 70. Bd4+ 1-0

[Event "Chigorin Memorial 30th"]
[Site "St Petersburg"]
[Date "2023.10.27"]
[Round "7"]
[White "Popov, Maksim1"]
[Black "Artamonov, Valery"]
[Result "1-0"]
[WhiteElo "2338"]
[BlackElo "2075"]
[PlyCount "73"]
[EventDate "2023.10.21"]
[EventType "swiss"]
[EventRounds "9"]
[EventCountry "RUS"]
[SourceTitle "CBM 216 Extra"]
[Source "ChessBase"]
[SourceDate "2023.11.30"]
[SourceVersion "1"]
[SourceVersionDate "2023.11.30"]
[SourceQuality "1"]

1. Nf3 g6 2. e4 Bg7 3. d4 d6 4. Nc3 a6 5. Be2 b5 6. e5 Nd7 7. Bf4 Nb6 8. h4 b4 9. Ne4 Nd5 10. Bg5 h6 11. Bd2 Bf5 12. Ng3 Bg4 13. h5 g5 14. Nh2 Bxe2 15. Qxe2 e6 16. Ng4 Nge7 17. c4 bxc3 18. bxc3 0-0 19. 0-0 Kh8 20. Ne4 Ng8 21. Rad1 f5 22. exf6 Ndxf6 23. Nexf6 Nxf6 24. Qxe6 Qc8 25. Qxc8 Raxc8 26. Nxf6 Bxf6 27. Be3 Rfe8 28. Rb1 d5 29. Rfc1 Re4 30. g3 Be7 31. c4 dxc4 32. Rxc4 Bd6 33. Kg2 Rd8 34. Rc6 Ra8 35. Rb7 Kg8 36. Kf3 Re6 37. Rbxc7 1-0

[Event "Chigorin Memorial 30th"]
[Site "St Petersburg"]
[Date "2023.10.22"]
[Round "2"]
[White "Artamonov, Valery"]
[Black "Vasiltsova, Yaroslava"]
[Result "1-0"]
[WhiteElo "2075"]
[BlackElo "1552"]
[PlyCount "65"]
[EventDate "2023.10.21"]
[EventType "swiss"]
[EventRounds "9"]
[EventCountry "RUS"]
[SourceTitle "CBM 216 Extra"]
[Source "ChessBase"]
[SourceDate "2023.11.30"]
[SourceVersion "1"]
[SourceVersionDate "2023.11.30"]
[SourceQuality "1"]

1. g3 Nf6 2. Bg2 g6 3. e4 d6 4. c4 Bg7 5. Nc3 0-0 6. Nge2 c5 7. 0-0 Nc6 8. Rb1 Ne8 9. a3 Nc7 10. b4 Ne6 11. d3 Ncd4 12. Be3 Nxe2+ 13. Nxe2 Nd4 14. Nxd4 cxd4 15. Bd2 e5 16. f4 f5 17. fxe5 dxe5 18. c5 Rb8 19. exf5 gxf5 20. Qh5 a6 21. Rbe1 Qe8 22. Qh4 Bd7 23. Bg5 Bc6 24. Bxc6 bxc6 25. Be7 Rf7 26. Bd6 Rc8 27. Bxe5 Bxe5 28. Qg5+ Rg7 29. Qxf5 Rf7 30. Qxf7+ Qxf7 31. Rxf7 Kxf7 32. Rxe5 a5 33. Re4 1-0

[Event "St Petersburg Korchnoi Memorial op"]
[Site "St Petersburg"]
[Date "2023.08.19"]
[Round "2"]
[White "Artamonov, Valery"]
[Black "Sek, Konstantin"]
[Result "1-0"]
[WhiteElo "2001"]
[BlackElo "2419"]
[PlyCount "91"]
[EventDate "2023.08.18"]
[EventType "swiss"]
[EventRounds "9"]
[EventCountry "RUS"]
[SourceTitle "CBM 216 Extra"]
[Source "ChessBase"]
[SourceDate "2023.11.30"]
[SourceVersion "1"]
[SourceVersionDate "2023.11.30"]
[SourceQuality "1"]

1. c4 c5 2. Nc3 Nf6 3. g3 d5 4. cxd5 Nxd5 5. Bg2 Nc7 6. Nf3 Nc6 7. 0-0 e5 8. a3 f6 9. Rb1 Be7 10. b4 Bf5 11. d3 cxb4 12. axb4 b5 13. Nh4 Bd7 14. Nd5 Nxd5 15. Bxd5 Nxb4 16. Bxa8 Qxa8 17. e4 g6 18. Bh6 a5 19. Qd2 Qa7 20. Rfc1 Kf7 21. Be3 Qb8 22. f4 Rd8 23. fxe5 Qxe5 24. Nf3 Qh5 25. Nd4 Bd6 26. Nb3 Nc6 27. Rxc6 Bxc6 28. Nxa5 Ba8 29. Rc1 Kg7 30. Nb3 Re8 31. Qf2 Qg4 32. Bd4 Qe6 33. Ra1 Rf8 34. Ra7+ Kg8 35. Nc5 Bxc5 36. Bxc5 Rc8 37. Re7 Qa6 38. d4 Qa1+ 39. Kg2 f5 40. d5 Qf6 41. g4 Qg5 42. h3 h5 43. Qb2 Qh6 44. Qf6 Bxd5 45. exd5 Qd2+ 46. Bf2 1-0

[Event "Chigorin Memorial 29th"]
[Site "St Petersburg"]
[Date "2022.10.28"]
[Round "7"]
[White "Rostovtsev, Dmitry"]
[Black "Artamonov, Valery"]
[Result "1-0"]
[WhiteElo "2329"]
[BlackElo "2042"]
[PlyCount "111"]
[EventDate "2022.10.22"]
[EventType "swiss"]
[EventRounds "9"]
[EventCountry "RUS"]
[SourceTitle "EXT 2024"]
[Source "ChessBase"]
[SourceDate "2023.10.10"]
[SourceVersion "1"]
[SourceVersionDate "2023.10.10"]
[SourceQuality "1"]

1. e4 g6 2. d4 Bg7 3. Nc3 c6 4. Nf3 d6 5. Bc4 Nf6 6. Bb3 0-0 7. 0-0 Bg4 8. h3 Bxf3 9. Qxf3 Nfd7 10. Be3 Na6 11. Rad1 c5 12. Qe2 cxd4 13. Bxd4 Nac5 14. Kh1 Rc8 15. f4 Bxd4 16. Rxd4 Nxb3 17. axb3 f6 18. Rfd1 a6 19. Nd5 Qe8 20. b4 Qf7 21. c3 Rfe8 22. Qg4 f5 23. exf5 Qxf5 24. Qxf5 gxf5 25. Ne3 Rf8 26. Rd5 Nf6 27. Rxf5 e6 28. Rg5+ Kh8 29. Rd4 b5 30. Ng4 Nxg4 31. Rxg4 d5 32. Rg5 Rc4 33. Rxc4 dxc4 34. g3 Rd8 35. Re5 Rd1+ 36. Kg2 Rd2+ 37. Kf3 Rxb2 38. Rxe6 Rc2 39. Re3 Kg7 40. Kg4 Kf6 41. h4 Ra2 42. h5 Rc2 43. f5 Kf7 44. Kg5 Rd2 45. g4 Rd6 46. h6 Rc6 47. Re5 Rc7 48. Re6 Ra7 49. Rb6 Ra8 50. Rb7+ Kg8 51. Rb6 Kf7 52. Kf4 a5 53. bxa5 Rxa5 54. g5 Ra8 55. Rxb5 Kg8 56. Rc5 1-0

[Event "Chigorin Memorial 28th"]
[Site "St Petersburg"]
[Date "2021.10.27"]
[Round "5"]
[White "Timerkhanov, Alexander"]
[Black "Artamonov, Valery"]
[Result "1/2-1/2"]
[WhiteElo "2401"]
[BlackElo "2087"]
[PlyCount "92"]
[EventDate "2021.10.23"]
[EventType "swiss"]
[EventRounds "9"]
[EventCountry "RUS"]
[SourceTitle "EXT 2023"]
[Source "ChessBase"]
[SourceDate "2022.10.05"]
[SourceVersion "1"]
[SourceVersionDate "2022.10.05"]
[SourceQuality "1"]

1. d4 Nf6 2. Bg5 c5 3. d5 Ne4 4. h4 Qb6 5. Nd2 Nxg5 6. hxg5 Qxb2 7. g6 Qf6 8. gxf7+ Qxf7 9. Ngf3 g5 10. Nxg5 Qxd5 11. Rh5 Bg7 12. Rb1 Bc3 13. e4 Qxd2+ 14. Qxd2 Bxd2+ 15. Kxd2 h6 16. Bc4 Nc6 17. Rbh1 Ne5 18. Be2 Rg8 19. Rxh6 Rxg5 20. Rh8+ Kf7 21. f4 Rxg2 22. fxe5 b6 23. R8h7+ Rg7 24. e6+ dxe6 25. Rh8 Rg2 26. R8h7+ Kf6 27. Ke3 Rg5 28. Bf3 Ba6 29. R1h6+ Ke5 30. Rxe7 Bc4 31. Be2 Rg3+ 32. Kf2 Rc3 33. Bxc4 Rxc4 34. Rhxe6+ Kd4 35. Rd6+ Kc3 36. Ke3 Rh8 37. Rxa7 Rh3+ 38. Kf2 Kxc2 39. Rxb6 Kc1 40. Rab7 Rc2+ 41. Kg1 Rxa2 42. Rb1+ Kc2 43. Re1 Kc3 44. Rg7 Rhh2 45. Rc1+ Kd4 46. Rd7+ Kxe4 1/2-1/2

[Event "St Petersburg-ch sf"]
[Site "St Petersburg"]
[Date "2021.03.02"]
[Round "9"]
[White "Artamonov, Valery"]
[Black "Puzyrevsky, Semen"]
[Result "1/2-1/2"]
[WhiteElo "2135"]
[BlackElo "1620"]
[PlyCount "95"]
[EventDate "2021.02.22"]
[EventType "swiss"]
[EventRounds "9"]
[EventCountry "RUS"]
[SourceTitle "EXT 2022"]
[Source "ChessBase"]
[SourceDate "2021.10.06"]
[SourceVersion "1"]
[SourceVersionDate "2021.10.06"]
[SourceQuality "1"]

1. c4 c6 2. b3 d5 3. Bb2 Nf6 4. g3 Bf5 5. Bg2 e6 6. Nf3 Nbd7 7. d3 Bd6 8. 0-0 0-0 9. cxd5 cxd5 10. Nc3 a6 11. e4 Bg4 12. exd5 exd5 13. h3 Bh5 14. g4 Bg6 15. g5 Nh5 16. Nxd5 Nc5 17. Ne5 Bxe5 18. Bxe5 Nxd3 19. Bc7 Qd7 20. Qg4 Qb5 21. b4 Kh8 22. Nb6 Rae8 23. a4 Qxb4 24. Qxb4 Nxb4 25. Bd6 Nc2 26. Bxf8 Nxa1 27. Bd6 Nc2 28. Bxb7 Ne1 29. f3 Bd3 30. Rf2 Re6 31. Bc7 Nf4 32. Bxf4 Rxb6 33. Bd5 Rb4 34. Bd2 Rb1 35. Kh2 Kg8 36. Ba2 Rd1 37. Bc3 Rc1 38. Bb2 Rc2 39. Rxc2 Bxc2 40. a5 Nxf3+ 41. Kg3 Nxg5 42. Bc4 Ne4+ 43. Kh2 Nc5 44. Bd4 Bd3 45. Bxf7+ Kxf7 46. Bxc5 g5 47. h4 gxh4 48. Kh3 1/2-1/2

[Event "Chigorin Memorial 27th"]
[Site "St Petersburg"]
[Date "2019.10.13"]
[Round "9"]
[White "Artamonov, Valery"]
[Black "Kovalenko, Igor"]
[Result "1-0"]
[WhiteElo "2169"]
[BlackElo "2674"]
[PlyCount "75"]
[EventDate "2019.10.05"]
[EventType "swiss"]
[EventRounds "9"]
[EventCountry "RUS"]
[SourceTitle "EXT 2021"]
[Source "ChessBase"]
[SourceDate "2020.10.23"]
[SourceVersion "1"]
[SourceVersionDate "2020.10.23"]
[SourceQuality "1"]

1. c4 e5 2. g3 Bc5 3. Nc3 Nc6 4. Bg2 a6 5. Nf3 d6 6. e3 Ba7 7. 0-0 Nge7 8. b3 0-0 9. Bb2 Bg4 10. h3 Bh5 11. a3 f5 12. d3 Qd7 13. b4 Qe6 14. Nd5 Qh6 15. Qc2 Bxf3 16. Bxf3 f4 17. exf4 Qxh3 18. c5 Qd7 19. Nxe7+ Nxe7 20. Qc3 Rf7 21. fxe5 Rxf3 22. e6 Nd5 23. Qd4 dxc5 24. Qg4 Qe7 25. Qxf3 Qxe6 26. Rae1 Qf7 27. Qxf7+ Kxf7 28. Re4 cxb4 29. axb4 c6 30. Kg2 Rd8 31. Rh1 h6 32. Rg4 Rg8 33. Rh5 Bb6 34. Rf5+ Ke6 35. Re5+ Kf7 36. Rf5+ Ke7 37. Re5+ Kd7 38. Rf5 1-0

[Event "Chigorin Memorial 27th"]
[Site "St Petersburg"]
[Date "2019.10.11"]
[Round "7"]
[White "Yagupov, Igor"]
[Black "Artamonov, Valery"]
[Result "0-1"]
[WhiteElo "2381"]
[BlackElo "2169"]
[PlyCount "74"]
[EventDate "2019.10.05"]
[EventType "swiss"]
[EventRounds "9"]
[EventCountry "RUS"]
[SourceTitle "EXT 2021"]
[Source "ChessBase"]
[SourceDate "2020.10.23"]
[SourceVersion "1"]
[SourceVersionDate "2020.10.23"]
[SourceQuality "1"]

1. e4 g6 2. d4 d6 3. Nc3 Bg7 4. Be3 a6 5. h4 h6 6. Qd2 b5 7. h5 g5 8. f4 gxf4 9. Bxf4 Nf6 10. Bd3 Bb7 11. Qe3 b4 12. Nce2 Nbd7 13. 0-0-0 c5 14. Qg3 cxd4 15. Bxd6 Rg8 16. Bxb4 Qb6 17. Qe1 a5 18. Ba3 e5 19. Ng3 Bf8 20. Bxf8 Kxf8 21. Nf3 Rb8 22. b3 Qc5 23. Nd2 Qc3 24. Kb1 Nc5 25. Ndf1 Na4 26. bxa4 Bxe4+ 27. Kc1 Qb2+ 28. Kd2 Bxd3 29. Kxd3 Rc8 30. Ke2 Rxc2+ 31. Rd2 d3+ 32. Kf3 Qb7+ 33. Ne4 Rg4 34. Rxc2 Rxe4 35. Ne3 dxc2 36. Qc1 Ng4 37. Qa3+ Kg8 0-1

[Event "Chigorin Memorial 27th"]
[Site "St Petersburg"]
[Date "2019.10.06"]
[Round "2"]
[White "Artamonov, Valery"]
[Black "Pourramezanali, Amirreza"]
[Result "0-1"]
[WhiteElo "2169"]
[BlackElo "2487"]
[PlyCount "120"]
[EventDate "2019.10.05"]
[EventType "swiss"]
[EventRounds "9"]
[EventCountry "RUS"]
[SourceTitle "EXT 2020"]
[Source "ChessBase"]
[SourceDate "2019.10.17"]
[SourceVersion "1"]
[SourceVersionDate "2019.10.17"]
[SourceQuality "1"]

1. c4 b6 2. Nc3 Bb7 3. e4 Nf6 4. d3 e6 5. Nf3 c5 6. g3 Nc6 7. Bg2 Bd6 8. 0-0 0-0 9. Re1 Qb8 10. a3 a6 11. Rb1 Ng4 12. Ng5 Nf6 13. f4 Be7 14. Be3 Qc7 15. e5 Ne8 16. Qh5 Bxg5 17. Qxg5 f6 18. exf6 Nxf6 19. b4 h6 20. Qh4 Ne7 21. g4 Bxg2 22. Kxg2 Qc6+ 23. Kg1 Qf3 24. bxc5 Nxg4 25. Qg3 Qxg3+ 26. hxg3 Nxe3 27. Rxe3 bxc5 28. Rb7 Nf5 29. Rf3 d6 30. Ne4 Rab8 31. Rd7 Rf7 32. Rxf7 Kxf7 33. g4 Nd4 34. Rf2 Ke7 35. f5 exf5 36. gxf5 Rb3 37. f6+ gxf6 38. Nxf6 Rxd3 39. Nd5+ Kd7 40. Rf7+ Ke6 41. Rh7 Rd1+ 42. Kf2 Nf5 43. a4 Rd2+ 44. Kf3 Rd3+ 45. Kf2 Ke5 46. Rh8 Kd4 47. Rf8 Ne3 48. Nb6 Kc3 49. Rf4 Kb4 50. Ke2 Ra3 51. Rf6 Nxc4 52. Rf4 Ra2+ 53. Ke1 Rc2 54. a5 Kb5 55. Nc8 Kxa5 56. Rh4 d5 57. Rxh6 d4 58. Ne7 d3 59. Nd5 d2+ 60. Ke2 d1Q+ 0-1

[Event "St Petersburg Korchnoi Memorial op"]
[Site "St Petersburg"]
[Date "2019.08.22"]
[Round "9"]
[White "Artamonov, Valery"]
[Black "Babujian, Levon"]
[Result "0-1"]
[WhiteElo "2175"]
[BlackElo "2491"]
[PlyCount "92"]
[EventDate "2019.08.14"]
[EventType "swiss"]
[EventRounds "9"]
[EventCountry "RUS"]
[SourceTitle "CBM 192"]
[Source "ChessBase"]
[SourceDate "2019.10.31"]
[SourceVersion "1"]
[SourceVersionDate "2019.10.31"]
[SourceQuality "1"]

1. c4 e5 2. Nc3 Bb4 3. Nf3 Bxc3 4. dxc3 d6 5. c5 Nf6 6. cxd6 cxd6 7. g3 Nc6 8. Bg2 0-0 9. 0-0 d5 10. Bg5 Be6 11. e4 dxe4 12. Nd2 h6 13. Bxf6 Qxf6 14. Nxe4 Qe7 15. Qd6 Rfd8 16. Qxe7 Nxe7 17. Rfd1 Bg4 18. Re1 Rac8 19. h3 Be6 20. Rad1 Bd5 21. c4 Bxe4 22. Bxe4 b6 23. b3 f6 24. Kf1 Kf7 25. Ke2 f5 26. Bb7 Rb8 27. Bg2 g5 28. Rxd8 Rxd8 29. Rc1 Ke6 30. c5 e4 31. f3 Ke5 32. fxe4 fxe4 33. c6 Nf5 34. c7 Rc8 35. g4 Nd4+ 36. Ke3 Ne6 37. Bxe4 Rxc7 38. Rxc7 Nxc7 39. Bc6 Ne6 40. Bg2 Nf4 41. Bf1 Nd5+ 42. Kd2 Kf4 43. Bg2 Nf6 44. Ke1 Kg3 45. Kf1 Nd7 46. b4 Ne5 0-1

[Event "St Petersburg Korchnoi Memorial op"]
[Site "St Petersburg"]
[Date "2019.08.20"]
[Round "7"]
[White "Artamonov, Valery"]
[Black "Makoveev, Ilya"]
[Result "1-0"]
[WhiteElo "2175"]
[BlackElo "2299"]
[PlyCount "119"]
[EventDate "2019.08.14"]
[EventType "swiss"]
[EventRounds "9"]
[EventCountry "RUS"]
[SourceTitle "CBM 192"]
[Source "ChessBase"]
[SourceDate "2019.10.31"]
[SourceVersion "1"]
[SourceVersionDate "2019.10.31"]
[SourceQuality "1"]

1. c4 Nf6 2. Nc3 e5 3. g3 d5 4. cxd5 Nxd5 5. Bg2 Nb6 6. Nf3 Nc6 7. 0-0 Be7 8. Rb1 a5 9. b3 0-0 10. Bb2 Bf5 11. d3 Qd7 12. Rc1 Bh3 13. Na4 Bxg2 14. Kxg2 Qe6 15. Nc5 Bxc5 16. Rxc5 f6 17. a3 Rfd8 18. Nd2 Nd5 19. Qc2 Kh8 20. Qc4 Nf4+ 21. gxf4 Qg4+ 22. Kh1 Qxe2 23. Bc3 Rxd3 24. Rd5 Rd8 25. Qxd3 Qxd3 26. Rxd3 Rxd3 27. Rc1 exf4 28. Kg2 Kg8 29. Ne4 Rd5 30. Bxf6 Rb5 31. Bc3 Rxb3 32. Nc5 Rxa3 33. Nxb7 Rb3 34. Nc5 Rb6 35. Ra1 Kf7 36. Nd3 Rb3 37. Rc1 g5 38. Ne5+ Nxe5 39. Bxe5 Ke6 40. Bxc7 a4 41. Rc5 h6 42. h4 a3 43. Ra5 Kd7 44. Be5 Ke6 45. Bg7 gxh4 46. Ra6+ Kf5 47. Rxh6 Kg5 48. Ra6 Kg4 49. Bd4 h3+ 50. Kh2 Rf3 51. Bc5 Rc3 52. Bd4 Rd3 53. Ba7 Rc3 54. Ra4 Kf5 55. Bd4 Rd3 56. Bc5 Rc3 57. Bxa3 Rc2 58. Ra5+ Kg4 59. Bc5 Rc4 60. Ba7 1-0

[Event "St Petersburg Korchnoi Memorial op"]
[Site "St Petersburg"]
[Date "2019.08.14"]
[Round "1"]
[White "Artamonov, Valery"]
[Black "Knjazev, Artem"]
[Result "1-0"]
[WhiteElo "2175"]
[BlackElo "1665"]
[PlyCount "159"]
[EventDate "2019.08.14"]
[EventType "swiss"]
[EventRounds "9"]
[EventCountry "RUS"]
[SourceTitle "CBM 192"]
[Source "ChessBase"]
[SourceDate "2019.10.31"]
[SourceVersion "1"]
[SourceVersionDate "2019.10.31"]
[SourceQuality "1"]

1. c4 e6 2. Nf3 Nf6 3. g3 d5 4. d4 Be7 5. Bg2 0-0 6. 0-0 h6 7. Nc3 b6 8. Ne5 Bb7 9. Qa4 Ne4 10. cxd5 exd5 11. Nxe4 dxe4 12. Be3 Bd6 13. Rac1 Re8 14. Rfd1 Qe7 15. Nc4 Bc6 16. Qc2 Bd5 17. Nxd6 cxd6 18. b4 Nc6 19. a3 b5 20. Qb2 a5 21. bxa5 Qb7 22. Bd2 Nxa5 23. Bxa5 Rxa5 24. Rc3 Qa7 25. Re3 f5 26. Rc1 Bc4 27. Bh3 g6 28. Qb4 Ra6 29. a4 d5 30. axb5 Rb6 31. Ra3 Qb7 32. Qd2 Kg7 33. g4 fxg4 34. Bxg4 Rxb5 35. Rg3 Rf8 36. f3 Rb2 37. Rc2 Rxc2 38. Qxc2 Qa7 39. Qd2 Rb8 40. fxe4 dxe4 41. Bf5 g5 42. Bxe4 Qa1+ 43. Kf2 Rb2 44. Rxg5+ Kh8 45. Ra5 Rxd2 46. Rxa1 Rxe2+ 47. Kf3 Rxh2 48. d5 Rd2 49. Ra5 Kg7 50. Rc5 Bf1 51. Kf4 Bh3 52. Rc7+ Kf6 53. Rc6+ Ke7 54. Rxh6 Bd7 55. Ke5 Re2 56. Rh7+ Kd8 57. Kd4 Be8 58. Bf5 Re1 59. Be6 Re2 60. Kc5 Ra2 61. Kd6 Ra6+ 62. Ke5 Ra1 63. Rb7 Ra5 64. Kf6 Ra8 65. d6 Bc6 66. Rh7 Be8 67. Rc7 Rb8 68. Ra7 Bc6 69. Rg7 Rb7 70. Rg8+ Be8 71. Rh8 Ra7 72. Bd5 Ra6 73. Ke6 Rb6 74. Be4 Rb2 75. Bc6 Re2+ 76. Kf5 Rf2+ 77. Kg4 Re2 78. d7 Kc7 79. dxe8Q Rc2 80. Rh7+ 1-0

[Event "Sochi Amateur op 6th"]
[Site "Sochi"]
[Date "2019.04.07"]
[Round "1"]
[White "Mkrtumyan, Robert"]
[Black "Artamonov, Valery"]
[Result "0-1"]
[WhiteElo "1727"]
[BlackElo "2178"]
[PlyCount "86"]
[EventDate "2019.04.07"]
[EventType "swiss"]
[EventRounds "9"]
[EventCountry "RUS"]
[SourceTitle "CBM 189 Extra"]
[Source "ChessBase"]
[SourceDate "2019.05.31"]
[SourceVersion "1"]
[SourceVersionDate "2019.05.31"]
[SourceQuality "1"]

1. d4 Nf6 2. c4 c5 3. Nf3 cxd4 4. Nxd4 e5 5. Nb5 d5 6. cxd5 Bc5 7. N5c3 0-0 8. e3 Qe7 9. Be2 e4 10. 0-0 Rd8 11. Qc2 Bf5 12. Rd1 Nbd7 13. Nd2 Rac8 14. Nb3 Bd6 15. Nd4 Qe5 16. g3 Bg6 17. Qd2 h5 18. f4 exf3 19. Nxf3 Qe7 20. Nh4 Bh7 21. Bd3 g6 22. e4 Ng4 23. Qe2 Nde5 24. Rf1 Nxh2 25. Kxh2 Nxd3 26. Qxd3 Qxh4+ 27. Kg2 Qe7 28. Qf3 Be5 29. Bf4 Bxc3 30. bxc3 g5 31. d6 Qe6 32. e5 gxf4 33. gxf4 Kh8 34. Rae1 Rg8+ 35. Kh2 Rg4 36. Rf2 Rh4+ 37. Kg1 Rg8+ 38. Rg2 Rxg2+ 39. Kxg2 Qg6+ 40. Kf1 Qc2 41. f5 Bxf5 42. d7 Bd3+ 43. Kg1 Qh2# 0-1

[Event "St Petersburg Korchnoi Memorial op"]
[Site "St Petersburg"]
[Date "2018.08.19"]
[Round "5"]
[White "Artamonov, Valery"]
[Black "Vokhidov, Shamsiddin"]
[Result "0-1"]
[WhiteElo "2140"]
[BlackElo "2412"]
[PlyCount "54"]
[EventDate "2018.08.15"]
[EventType "swiss"]
[EventRounds "9"]
[EventCountry "RUS"]
[SourceTitle "CBM 186 Extra"]
[Source "ChessBase"]
[SourceDate "2018.08.24"]
[SourceVersion "1"]
[SourceVersionDate "2018.08.24"]
[SourceQuality "1"]

1. Nf3 c5 2. g3 g6 3. Bg2 Bg7 4. 0-0 Nc6 5. c4 e6 6. Nc3 Nge7 7. d4 Nxd4 8. Nxd4 cxd4 9. Nb5 Nf5 10. Bf4 e5 11. e4 a6 12. exf5 axb5 13. Bxe5 Bxe5 14. Re1 d6 15. f4 0-0 16. fxe5 dxe5 17. Rxe5 Bxf5 18. Rd5 Qc7 19. Qxd4 bxc4 20. Rc5 Qe7 21. Rxc4 Rfd8 22. Qf4 Qe2 23. Rb4 Rxa2 24. Rxa2 Rd1+ 25. Bf1 Bh3 26. Ra8+ Kg7 27. Ra1 Qg2# 0-1

[Event "St Petersburg Korchnoi Memorial op"]
[Site "St Petersburg"]
[Date "2018.08.18"]
[Round "4"]
[White "Vorotnikov, Vladislav V"]
[Black "Artamonov, Valery"]
[Result "1/2-1/2"]
[WhiteElo "2445"]
[BlackElo "2140"]
[PlyCount "142"]
[EventDate "2018.08.15"]
[EventType "swiss"]
[EventRounds "9"]
[EventCountry "RUS"]
[SourceTitle "CBM 186 Extra"]
[Source "ChessBase"]
[SourceDate "2018.08.24"]
[SourceVersion "1"]
[SourceVersionDate "2018.08.24"]
[SourceQuality "1"]

1. e4 c5 2. Nf3 Nc6 3. b3 Nf6 4. e5 Nd5 5. Bb2 e6 6. Bb5 Be7 7. Bxc6 bxc6 8. d3 f5 9. Qd2 g5 10. h3 Rb8 11. c4 Nf4 12. g3 Ng6 13. h4 h6 14. hxg5 hxg5 15. Rxh8+ Nxh8 16. Nc3 Nf7 17. Qe2 g4 18. Nd2 d5 19. 0-0-0 d4 20. Na4 Qc7 21. Re1 Ba6 22. f3 gxf3 23. Nxf3 Bb5 24. cxb5 cxb5 25. Nxc5 Qxc5+ 26. Kb1 Rd8 27. Rc1 Qd5 28. Nxd4 Ba3 29. Nxb5 Qxb5 30. Bxa3 Rxd3 31. Rc8+ Kd7 32. Qc2 Rd1+ 33. Bc1 Qd3 34. Rc7+ Ke8 35. Qxd3 Rxd3 36. Bf4 Rd7 37. Rc6 Ke7 38. Ra6 Rc7 39. Kb2 Kd7 40. b4 Rb7 41. a3 Nd8 42. Rd6+ Kc7 43. Be3 a5 44. Bc5 axb4 45. axb4 Rb8 46. Kc3 Nc6 47. Rxe6 Rg8 48. Bf2 Kd7 49. Rd6+ Kc7 50. Rd5 Re8 51. e6 Rxe6 52. Rxf5 Ne7 53. Rc5+ Kd6 54. Kd3 Rf6 55. Bd4 Rf3+ 56. Ke4 Rb3 57. b5 Rxg3 58. Rh5 Rg4+ 59. Kd3 Nd5 60. Rh6+ Kc7 61. Rh7+ Kd6 62. Rh6+ Kc7 63. Bc5 Nb4+ 64. Kc3 Nd5+ 65. Kb3 Rg7 66. Kc4 Rd7 67. Ra6 Nf4 68. Be3 Nd5 69. Bf2 Ne7 70. Bc5 Nc8 71. Rh6 Kb7 1/2-1/2